Statistiques concernant QCM sur tous les Pokémon de la 3G

Cliquez ici pour prendre le quiz!

Statistiques générales

  • Ce quiz a été pris 16 fois
  • Le résultat moyen est 65 sur 135

Statistiques - réponses

QuestionRéponse% Correct
261: Medhyena- De qui Medhyena est-il un Pokémon emblématique, au point qu'une sorte de Carte a été créé ?Des Sbires de la Team Magma/Aqua
100%
255: Poussifeu- Quel est le numéro de Pokédex de Poussifeu dans le Pokédex régional de Hoenn?004
92%
260: Comment s'écrit le nom de ce Pokémon?Laggron
92%
278: Goelise- Comment s'appelle le Goelise de M.Marco dans les jeux qui se déroulent à Hoenn ?Piko
92%
259: Flobio- A quelle catégorie de Pokémon appartient l'espèce de Flobio?PoissonBoue
92%
280: Tarsal- De quel Dresseur Tarsal a-t-il été le tour premier Pokémon dans les jeux vidéos ?Timmy, Rival à Hoenn
92%
273: Quel est le nom correct de ce Pokémon?Grainipiot
83%
262: Grahyena- Dans quelle génération est apparue la capacité Morsure qu'il peut apprendre, et dont sa catégorie d'espèce porte son nom?1ère génération
75%
358: A partir de quand Eoko obtient-il une prévolution?Dans la 4ème génération
75%
330: Libégon- De quel(s) type(s) est Libégon ?Dragon/Sol
75%
366: Coquiperl- Comment fonctionne l'évolution de Coquiperl?Echange+Dent Océan=Serpang, Echange+Ecaille Océan=Rosabyss
75%
287: Parecool- Que ce soit dans la 3ème ou la 4ème génération, quel est le milieu naturel où l'on peut trouver Parecool?Forêt
75%
342: Colhomard- Quel est l'effet de Coque Armure, l'un des Talents possibles de Colhomard?Il annule les coups critiques
75%
252: Arcko- Quelle est la seule réponse correcte concernant l'Arcko de Sacha?Il est le seul Starter de Hoenn que Sacha a capturé
75%
345: Lilia- Quel fossile permet de faire revivre Lilia ?Le Fossile Racine
75%
370: Lovdisc- De quel type est l'attaque Doux Baiser, emblématique de Lovdisc, dans la 3ème génération ?Normal
75%
269: Papinox- Pour quelle raison Jessie relâche-t-elle son Papinox dans l'anime?Pour le laisser partir avec un autre Papinox
75%
346: Vacilys- Quel est le double type de Vacilys?Roche/Plante
75%
311: Posipi- De quelle couleur est Posipi, le Pokémon Acclameur?Rouge
75%
351: Morphéo- Quelle capacité n'affecte pas la forme de Morphéo ?Tempête de Sable
75%
302: Ténéfix- Que ne possède pas Ténéfix ?Une forme d'Hisui
75%
343: Balbuto- Combien de Pokémon, sans compter son évolution Kaorine, partage le double type Sol/Psy avec Balbuto, le premier à avoir obtenu ce double type?0
67%
376: Métalosse- De combien de cerveaux dispose techniquement Métalosse ?4
67%
334: Altaria- Parmi ces Dresseurs dont le nom commencent par un A, lequel ne possède pas d'Altaria dans son équipe?Adrien
67%
258; Gobou- Si le Pokémon de départ est Gobou dans Pokémon Donjon Mystère Explorateurs du Ciel, quel est le seul choix impossible de partenaire parmi ceux-là?Carapuce
67%
276: Nirondelle- Quels sont les deux types dont les attaques sont affectés par le Talent Querelleur?Combat et Normal
67%
384: Rayquaza- Si Alpha est le symbole de Kyogre et Omega celui de Groudon, quel serait en toute logique celui de Rayquaza?Delta
67%
335: Mangriff- Quelle information est fausse concernant Mangriff ?Il est le Pokémon emblématique d'un Champion d'Arène de type Normal
67%
305: Galegon- Quel est le rapport de Galegon avec l'eau de source?Il la cherche, il s'en sert pour renforcer l'acier de son corps
67%
325: Spoink- Que se passe-t-il si Spoink arrête de rebondir?Il meurt
67%
282: Gardevoir- Par ordre chronologique des jeux, quelle est la bonne affirmation concernant la Mega-Evolution de Gardevoir par rapport à celle de Gallame ?La Méga-Evolution de Gardevoir est arrivé avant celle de Gallame
67%
271: Lombre- De quelle langue vient l'inspiration du nom de Lombre ?L'espagnol
67%
291: Ninjask- Quel élément Ninjask est le premier à avoir possédé, et ce à partir des jeux de la troisième génération?Le talent Turbo
67%
293: Chuchmur- Quel est le "repaire" des Chuchmur dans les jeux de la 3ème génération, un lieu uniquement peuplé de Chuchmur?Le Tunnel Mérazon
67%
381: Latios- Si Ball'Brume est la capacité signature de Latias, quelle est celle de Latios?Lumi-Eclat
67%
323: Camérupt- Quel personnage a fait de Camérupt son Pokémon de prédilection, allant jusqu'à le faire Méga-Evoluer lors de ses combats ?Max de la Team Magma
67%
340: Barbicha- De quel type est l'attaque Chatouille, attaque portée par Barbicha à partir de la 3ème génération?Normal
67%
288: Vigoroth- Quels sont les deux seuls types d'Attaque que Vigoroth peut apprendre dans Rubis et Saphir?Normal et Combat
67%
359: Absol- Pourquoi Absol possède-t-il une mauvaise réputation?Parce qu'il prédit les catastrophes
67%
306: Galeking- Comment évolue Galeking?Par niveau
67%
315: Quelle affirmation est vraie concernant Rosélia dans la troisième génération uniquement?Rosélia n'avait ni préévolution ni évolution
67%
286: Chapignon- Quel point commun Chapignon partage-t-il avec Parasect?Son Talent
67%
354: Branette- Quel est le premier Dresseur important dans l'histoire a utiliser un Mega-Branette dans les jeux vidéos?Spectra
67%
297: Hariyama- Ou peut-on croiser Hariyama à l'état sauvage dans Pokémon Emeraude?Sur la Route Victoire
67%
257: Braségali- Quel Talent rare adopte Braségali sous sa forme Méga?Turbo
67%
307: Méditikka- Quelle est la posture favorite de Méditikka?Une posture de yoga
67%
318: Carvanha- Quelle taille fait Carvanha?0.8 m
58%
283: Arakdo- A quel niveau évolue Arakdo?Au niveau 22
58%
369: Relicanth- Comment peut-on obtenir Relicanth, le Pokémon longévité, aussi nommé le fossile vivant, dans les jeux de la troisième génération?En le capturant à l'état sauvage
58%
308: Charmina- Si son Talent de base est plus centré sur ses attaques physiques, que permet de faire le Talent caché de Charmina, Télépathe?Il permet d'éviter les attaques de ses alliés en Combat Duo ou Multi
58%
355: Skélénox- Quelle est la bonne réponse concernant les orbites de Skélénox?Il y flotte un unique oeil rouge
58%
328: Kraknoix- Quelle est la logique derrière l'évolution de Kraknoix en un Pokémon inspiré d'une libellule?Kraknoix est inspiré de la larve du fourmilion
58%
373: Drattak- Quel point commun Drattak ne partage-t-il pas avec Dracolosse?La Méga-Evolution
58%
352: Kecleon- Quel lieu de Hoenn est bloqué par un Keclon invisible dans les jeux qui se passent dans cette région?L'Arène de Cimetronelle
58%
367: Serpang- Selon le Pokédex et son nom de catégorie d'espèce, quel est l'habitat naturel de Serpang?Les abysses
58%
341: Ecrapince- Quelle est la capacité signature d'Ecrapince?Pince-Masse
58%
380: Latias- Dans Pokémon Or Heartgold et Argent Soulsilver, Latias passe son temps à bouger sur les différentes routes du jeu. Comment appelle-t-on ce genre de Pokémon?Pokémon fuyards
58%
378: Regice- Quel élément se rapportant à des chiffres concernant Regice est faux?Regice mesure 2.2m
58%
374: Terhal- Dans quel jeu la seule distribution officielle connue de Terhal chromatique a-t-elle eue lieue?Rubis Omega & Saphir Alpha
58%
298: Azurill- Qu'est ce qui ne change pas chez Azurill quand il évolue en Marill parmi les entrées ci-dessous?Sa couleur
58%
310: Elecsprint- Qu'est ce qui a changé entre Rubis & Saphir, et Emeraude, dans l'équipe de Voltère ?Un Dynavolt et un Elecsprint ont été ajouté
58%
285: Balignon- Dans quelle ville peut-on partir à la chasse au Balignon pour aider une petite fille à retrouver le sien?Vergazon
58%
277: Heledelle- Combien Heledelle possède-t-il de queues?2
50%
382: Kyogre- Quelle particularité Kyogre partage-t-elle avec Sharpedo et Wailmer dans Pokémon Rubis Oméga & Saphir Alpha ?Ce sont les seuls Pokémon Eau qui ont un sprite différents en Surf ou Plongée
50%
319: Sharpedo- Dans Pokémon Saphir Alpha, où peut-on trouver la Sharpedite, qui permet de faire méga-Evoluer Sharpedo?Dans la Planque Aqua
50%
284: Maskadra- D'où vient le "Dra" dans Maskadra?De la drache, il s'agit d'un mot d'argot pour la pluie
50%
281: Kirlia- De quoi s'inspire le nom de Kirlia?D'un procédé de photographie
50%
300: Skitty- Que permet de faire l'attaque Assistance, utilisée par le Skitty de Flora dans l'anime?D'utiliser une attaque d'un membre de l'équipe au hasard
50%
331: Cacnea-Quel est l'effet du Talent de Cacnea, Voile Sable?Il augmente son Esquive lors d'une tempête de sable
50%
274: Pifeuil- Quelle affirmation est fausse concernant Pifeuil?Il est de type Plante uniquement
50%
292: Munja- Quelle est la seule affirmation fausse concernant Munja?Il ne peut pas subir de dégâts d'un capacité Spectre
50%
344: Kaorine- Quelle est la répartition des Kaorine selon le sexe?Kaorine est asexué
50%
299: Tarinor- Quel objet a remplacé le champ magnétique d'une montagne pour l'évolution de Tarinor dans les jeux depuis la 8ème génération?La Pierre Foudre
50%
279: Bekipan- Quel changement l'attaque Hydrocanon, la dernière que Bekipan peut apprendre par montée de niveau, a subi ente la 3ème et la 5ème générations ?Le niveau auquel il l'apprend a baissé
50%
333: Tylton- Selon plusieurs descriptions de Pokédex, où Tylton aime-t-il se percher?Sur la tête des gens
50%
353: Polichombr-De quoi a besoin Polichombr pour évoluer en Branette?De monter de niveau
42%
272: Ludicolo- Dans quel jeu peut-on admirer la Samba des Ludicolo après avoir gagné à la loterie?Donjon Mystère Explorateurs du Ciel
42%
301: Delcatty- En utilisant uniquement ce qui est présent dans le jeu de manière naturelle, comment peut-on obtenir Delcatty dans Pokémon Emeraude?En visitant deux lieux, un pour capturer Skitty, l'autre pour un objet
42%
253: Massko- Qu'est ce qui a changé avec Lame Feuille, la capacité signature de Massko, depuis la 8ème génération?Il n'y a plus de tiret entre Lame et Feuille
42%
294: Ramboum- Parmi ce qu'est capable de faire Ramboum avec son cri selon le Pokédex, lequel est un intrus?Il peut creuser la montagne
42%
332: Cacturne- Quelle affirmation est fausse concernant Cacturne ?Il peut évoluer de sa préévolution avant le niveau 30
42%
375: Métang- Quelle affirmation est fausse concernant Métang?Il y a plus de chances d'obtenir un Métang femelle que mâle
42%
357: Tropius- En comptant uniquement les 3 premières générations, Tropius est le combientième Pokémon de types Plante/Vol ?Le 4eme
42%
371: Draby- Pourquoi Draby a-t-il l'habitude de se frapper la tête contre les rochers?Parce qu'il est frustré de ne pas pouvoir voler
42%
312: Négapi- Laquelle de ces propositions ne correspond pas à un élément où Négapi et Posipi sont des personnages récurrents?Pokémon Donjon Mystère Explorateurs du Ciel
42%
368: Rosabyss- De couleur rose pâle, de quelle couleur le corps de Rosabyss peut-il devenir dans certaines situations?Rose vif
42%
338: Solaroc- Solaroc n'est pas......sexué
42%
385: Jirachi- Quelle est la fréquence de réveil de Jirachi?Une semaine tous les 1000 ans
42%
313: Muciole- Quel est le pourcentage de chance de croiser un Muciole femelle sauvage dans la nature ?0 %
33%
377: Regirock- Dans l'anime, quel est l'ordre d'apparition de Regirock par rapport aux deux autres Colosses légendaires, dans les combats de Brandon contre Sacha?1
33%
289: Monaflemit- Sur les 5 combats possibles contre Norman dans Pokémon Emeraude, dans combien d'entre eux possède-t-il 2 Monaflemit?4
33%
254: Jungko- A quoi le Jungko de Sacha n'a-t-il jamais participé?A la Ligue de Hoenn
33%
356: Téraclope- Selon sa description Pokédex dans Pokémon Emeraude, de quoi se nourrit Teraclope, dont le nom est similaire à une attaque?De feux follets
33%
263: Zigzaton- Parmi ces noms, lequel n'est pas un des noms de Zigzaton dans une autre langue?Giguzag
33%
322: Chamallot- Qu'est-ce qui change pour la capture de Chamallot entre Rubis & Saphir, et Emeraude ?Il y a moins de lieux pour capturer Chamallot
33%
364: Phogleur- Dans quel film Pokémon un troupeau de Phogleur traumatise le jeune Tory en s'enfuyant ?La destinée de Deoxys
33%
348: Armaldo- Qui est Armaldo dans l'épisode spécial "Toudoudou le surdoué", dans Pokémon Donjon Mystère Explorateurs du Ciel?Le maître de Grodoudou, le maître de la Guilde de Grodoudou
33%
327: Spinda- Qu'est ce qui n'est pas lié à la confusion chez Spinda?Le nom de la catégorie de son espèce
33%
265: Chenipotte- Comment appelle-t-on la valeur qui est prise en compte dans l'Evolution de Chenipotte?Personality Value
33%
383: Groudon- Qu'est-ce qui n'est pas exclusif à Groudon?Sa forme spéciale, la Primo-Résurgence
33%
337: Séléroc- Quelle affirmation est vraie concernant Séléroc?Séléroc est plus petit mais plus lourd que Solaroc
33%
363: Obalie- Parmi ces attaques de type Glace, quelle est la seule qu'Obalie ne peut pas apprendre dans Pokémon Emeraude ?Vent Glace
33%
316: Gloupti- En comptant les capacités qu'il peut apprendre par niveau et celles par CT, de combien de types Gloupti peut-il apprendre des attaques?11
25%
303: Mysdibule- Combien d'yeux possède Mysdibule sous sa forme Méga-évoluée?2
25%
296: Makuhita- A quel niveau évolue Makuhita ?24
25%
309: Dynavolt- Sur les 11 attaques que peut apprendre Dynavolt par montée de niveau, combien sont de Type Electrik ?4
25%
270: Nenupiot- De quelle catégorie fait partie l'espèce de Nenupiot ?Aquaplante
25%
324: Chartor- Quel est le nom de la catégorie de l'espèce de Chartor ?Charbon
25%
321: Wailord- Ou peut-on croiser Wailord entre 15h00 et 16h59 dans Pokémon Versions Noire 2 & Blanche 2 ?Dans l'Aquatube
25%
264:Linéon- Quelle affirmation est fausse concernant Linéon?Il peut apprendre Tunnel naturellement
25%
336: Seviper- Que se passe-t-il si l'on affronte en combat Duo ou de horde un ou plusieurs Seviper qui combattent dans la même équipe qu'un Mangriff?Les deux s'attaquent entre eux, sans s'occuper de l'adversaire
25%
386: Deoxys- Qu'est ce qui ne permet pas de faire changer de forme Deoxys dans les jeux ?Les mégalithes de Cromlach à Kalos
25%
317: Avaltout- Quelle est le nom de la catégorie à laquelle appartient l'espèce d'Avaltout, qui ressemble à une capacité signature de type Poison?Sac Poison
25%
379: Registeel- Quelle affirmation est vraie concernant Registeel?Son Talent caché lui permet de diviser son poids par 2
25%
347: Anorith- A partir de quel niveau Anorith peut-il évoluer en Armaldo?40
17%
339: Barloche- Dans quelle génération Barloche n'est pas présent dans au moins un jeu de la série principale ?Aucune, Barloche est présent dans toutes les générations
17%
349: Barpau- Quelle affirmation est fausse concernant Barpau?Barpau a 75% de chance d'être femelle
17%
290: Ningale- Qu'arrive-t-il à un Ningale dans l'épisode de la saison 11 de l'anime nommé "Pokémon Ranger: L'enlèvement de Riolu"?Il est capturé par un PokéRanger avec son Capstick
17%
360: Okéoké- Quelle affirmation est fausse concernant Okéoké?Il évolue en Qulbutoké au bonheur
17%
304: Galekid- Avec son Talent caché Heavy Metal, Galekid double son poids. Lorsque ça arrive, où se situe-t-il par rapport à son évolution Galegon?Ils font exactement le même poids
17%
350: Milobellus- Après son type et sa génération, quelle indication nous donne Poképédia au sujet de Milobellus, avant tout le reste?Milobellus est "le Pokémon partenaire de Marc"
17%
365: Kaimorse- Combien de kilogrammes de différence y-a-t-il entre Phogleur et Kaimorse ?Plus de 60 kg
17%
275: Tengalice- Parmi ces 4 éléments, lequel est affecté par un des 4 Talents que Tengalice peut connaître?Sa capacité à se réveiller
17%
329: Vibraninf- Quelle capacité Vibraninf ne peut pas apprendre, par montée de niveau ou par CT/CS, dans Pokémon Emeraude ?Sonicboom
17%
314: Lumivole- En prenant en compte les CT, combien d'attaques Insecte Lumivole peut-il apprendre?0
8%
320: Wailmer- Que représente la taille de Wailmer par rapport à la taille de son évolution Wailord ?1/7
8%
362: Oniglali- Quel est le poids standard d'Oniglali?256,5kg
8%
295: Brouhabam- Avec une attaque du même type que Brouhabam, quel type de Pokémon est immunisé aux dégâts de cette attaque?Aucun
8%
268: Blindalys- Dans Légendes Pokémon Arceus, que fait un Blindalys sauvage par défaut?Il un comportement amical et approche
8%
267: Charmillon- Qu'est ce qui est plus petit chez les femelles Charmillon par rapport aux mâles?Les tâches rouges
8%
361: Stalgamin- Parmi les 3 éléments du folklore japonais qui ont inspiré Stalgamin, lequel est le plus proche du nom de sa catégorie d'espèce ?Le yuki mino, une cape d'hiver traditionnelle
8%
326: Groret- De quelle couleur sont les perles de Groret ?Noire
8%
266: Armulys- Quelle capacité Armulys ne peut-il pas apprendre par montée de niveau?Sécrétion
8%
372: Drackhaus- Quelle affirmation est vraie concernant Drackhaus?Son Talent a le même nom que la catégorie d'espèce de sa préévolution
8%
256: Galifeu- Combien d'Attaques Vol Galifeu est-il capable d'apprendre naturellement?3
0%

Distribution des résultats

Percentile par nombre de réponses

% des personnes avec chaque résultat

Votre développement - résultats

Vous n’avez pas pris ce quiz